000 01076nmm a2200325 a 4500
001 ocm0002145941
003 TR-IsHL
005 20201028181638.0
008 190106s2018 tu tur
007 cr cn
020 _a9786059801836  
035 _a2145941
_b(N$T)
050 0 4 _aHQ1726.7
_b.A44 2018
090 0 4 _aHQ1726.7
_b.A44 2018
100 1 _aAta, Arif
245 1 0 _aKadın nefis mi nefes mi?
_h[electronic resource] /
_cArif Ata ; editör Fatma Gedikoğlu Üstü
260 _aAnkara :
_bPhoenix Yayınevi,
_c2018
300 _a262 p.
650 4 _aSosyoloji
650 4 _aSociology
650 0 _aKadınlar
_x Tarih
650 0 _aWomen
_x History
650 0 _aKadınlar
_x Turkey
_x Tarih
650 0 _aWomen
_x Turkey
_x History
650 0 _aKadın hakları
_x Sosyal açıdan
650 0 _aWomen' s rights
_x Social aspects
650 7 _aSOCIAL SCIENCE / Women's Studies
_2bisacsh
700 1 _aÜstün, Fatma Gedikoğlu
856 4 0 _uhttp://search.ebscohost.com/login.aspx?direct=true&scope=site&db=e011xww&AN=2145941
999 _c19698
_d19698